000 00556nam a22002177a 4500
005 20260418094259.0
008 260418b |||||||| |||| 00| 0 eng d
020 _a9789372121520
_c175
040 _aMAIN
041 _aeng
082 _a658.872
_bGOG
100 _aGogoi, D.
_qDeborshee
245 _aDigital Marketing
260 _aLudhiana
_bKalyani Publishers
_c2026
300 _c17 x 24 c.m
505 _aB.Com 6th Semester NEP
650 _aManagement
700 _bChakraborty, Subhadeep
700 _b Gupta, Viveka
942 _2ddc
_cBK
999 _c16366
_d16366